[Event "Isle of Man Open"]
[Site "Douglas"]
[Date "24.10.2018"]
[Round "5.4"]
[White "Gupta, Abhijeet"]
[Black "Vidit, Santosh Gujrathi"]
[Result "1-0"]
[WhiteTitle "GM"]
[BlackTitle "GM"]
[WhiteElo "2588"]
[BlackElo "2711"]
[WhiteFideId "5010608"]
[BlackFideId "5029465"]
[EventDate "2018.10.20"]

1. d4 Nf6 2. c4 e6 3. Nf3 d5 4. Nc3 Bb4 5. e3 O-O 6. Bd2 b6 7. cxd5 exd5 8. Rc1
Bb7 9. Bd3 Nbd7 10. O-O Be7 11. Be1 c5 12. Ne5 cxd4 13. Nxd7 Nxd7 14. exd4 Nb8
15. Bd2 Nc6 16. Bf4 g6 17. Bb5 Bf6 18. Ne2 Rc8 19. Qa4 Re8 20. Be3 Re6 21. Nf4
Rd6 22. Rfd1 a6 23. Bf1 Na5 24. Rxc8 Qxc8 25. Rc1 Qd7 26. Qxd7 Rxd7 27. b4 Nc4
28. Nxd5 Bxd5 29. Bxc4 Bxc4 30. Rxc4 Kg7 31. Kf1 b5 32. Rc3 Be7 33. a3 Kf6 34.
Rc6+ Rd6 35. Rc7 Ke6 36. Ra7 Bf6 37. Ke2 h5 38. Kd3 Be5 39. g3 f5 40. Ra8 Bf6
41. f3 Kf7 42. h3 Ke6 43. g4 hxg4 44. hxg4 Bg7 45. Ra7 Be5 46. Rh7 Bg3 47. Ra7
Be5 48. Rb7 Bf6 49. g5 Be5 50. Rh7 Rd8 51. Bf2 Bh8 52. Ra7 Rd6 53. Ra8 Bg7 54.
Be3 Kf7 55. Ra7+ Kg8 56. Rc7 Be5 57. Rc5 Bg7 58. d5 Bb2 59. Kc2 Be5 60. f4 Bg7
61. Rc6 Rxd5 62. Rxg6 Kh7 63. Rxa6 Bd4 64. Bd2 Rd7 65. Rc6 1-0

[Event "Isle of Man Open"]
[Site "Douglas"]
[Date "24.10.2018"]
[Round "5.5"]
[White "Aronian, Levon"]
[Black "Kovalev, Vladislav"]
[Result "1/2-1/2"]
[WhiteTitle "GM"]
[BlackTitle "GM"]
[WhiteElo "2780"]
[BlackElo "2664"]
[WhiteFideId "13300474"]
[BlackFideId "13504398"]
[EventDate "2018.10.20"]

1. e4 e5 2. Nf3 Nc6 3. Bb5 a6 4. Ba4 Nf6 5. O-O Be7 6. d3 b5 7. Bb3 d6 8. a3 O-O
9. Nc3 Na5 10. Ba2 Be6 11. Bg5 c5 12. Re1 Nc6 13. Bxf6 Bxf6 14. Nd5 g6 15. c3
Bg7 16. a4 Ne7 17. Nxe7+ Qxe7 18. Bxe6 Qxe6 19. b4 Rfd8 20. Qe2 cxb4 21. cxb4 d5
22. Qa2 Rab8 23. axb5 Rxb5 24. Qxa6 Qxa6 25. Rxa6 Rxb4 26. exd5 Rb5 27. d6 Rd5
28. Kf1 Rxd3 29. Nxe5 Bxe5 30. Rxe5 R3xd6 1/2-1/2

[Event "Isle of Man Open"]
[Site "Douglas"]
[Date "24.10.2018"]
[Round "5.6"]
[White "L'Ami, Erwin"]
[Black "Giri, Anish"]
[Result "1/2-1/2"]
[WhiteTitle "GM"]
[BlackTitle "GM"]
[WhiteElo "2639"]
[BlackElo "2780"]
[WhiteFideId "1007998"]
[BlackFideId "24116068"]
[EventDate "2018.10.20"]

1. e4 e5 2. Nf3 Nc6 3. Bb5 Nf6 4. O-O Nxe4 5. Re1 Nd6 6. Nxe5 Be7 7. Bf1 Nxe5 8.
Rxe5 O-O 9. Nc3 Ne8 10. Nd5 Bd6 11. Re1 c6 12. Ne3 Bc7 13. Nf5 d5 14. Ne7+ Kh8
15. Nxc8 Rxc8 16. d3 f5 17. Qf3 Nf6 18. Bf4 Bxf4 19. Qxf4 Qc7 20. Qxc7 Rxc7 21.
d4 g6 22. Re5 Kg7 23. Rae1 Rff7 24. Bd3 Kf8 25. f3 Rce7 26. c3 Nd7 27. Rxe7 Rxe7
28. Rxe7 Kxe7 29. g3 Nf8 30. Kf2 Ne6 31. Ke3 1/2-1/2

[Event "Isle of Man Open"]
[Site "Douglas"]
[Date "24.10.2018"]
[Round "5.7"]
[White "So, Wesley"]
[Black "Melkumyan, Hrant"]
[Result "1/2-1/2"]
[WhiteTitle "GM"]
[BlackTitle "GM"]
[WhiteElo "2776"]
[BlackElo "2660"]
[WhiteFideId "5202213"]
[BlackFideId "13302485"]
[EventDate "2018.10.20"]

1. c4 e5 2. Nc3 Nf6 3. Nf3 Nc6 4. e3 Bb4 5. Qc2 O-O 6. Nd5 Re8 7. Qf5 Be7 8.
Nxe5 Nb4 9. Nxb4 Bxb4 10. Nf3 d5 11. Qd3 Bf8 12. Be2 c5 13. O-O b6 14. b3 Bb7
15. Bb2 Bd6 16. cxd5 Nxd5 17. Rfe1 Re6 18. g3 Qe7 19. Bf1 Nb4 20. Qc3 Qf6 21.
Qxf6 gxf6 22. Nh4 Nc2 23. Bc4 Ree8 24. Bb5 Re6 25. Bc4 Ree8 26. Bb5 Re6 27. Bc4 1/2-1/2

[Event "Isle of Man Open"]
[Site "Douglas"]
[Date "24.10.2018"]
[Round "5.8"]
[White "Grischuk, Alexander"]
[Black "Short, Nigel D"]
[Result "1/2-1/2"]
[WhiteTitle "GM"]
[BlackTitle "GM"]
[WhiteElo "2769"]
[BlackElo "2652"]
[WhiteFideId "4126025"]
[BlackFideId "400025"]
[EventDate "2018.10.20"]

1. e4 e6 2. d4 d5 3. Nc3 Nf6 4. e5 Nfd7 5. f4 c5 6. Nf3 Nc6 7. Be3 a6 8. Qd2 b5
9. a3 Rb8 10. dxc5 Bxc5 11. Bxc5 Nxc5 12. b4 Nd7 13. Bd3 Qb6 14. Ne2 f6 15. exf6
Nxf6 16. Ned4 Nxd4 17. Nxd4 O-O 18. Nb3 e5 19. fxe5 Ng4 20. O-O-O Nxe5 21. Rhe1
Qc7 22. Qg5 Nxd3+ 23. Rxd3 Qxh2 24. Rg3 Rb7 25. Qxd5+ Rbf7 26. Rf3 Qc7 27. Nc5
g6 28. Ref1 Kg7 29. Qd4+ Kg8 30. Qd5 Kg7 31. Qd4+ 1/2-1/2

[Event "Isle of Man Open"]
[Site "Douglas"]
[Date "24.10.2018"]
[Round "5.10"]
[White "Karjakin, Sergey"]
[Black "Sevian, Samuel"]
[Result "1-0"]
[WhiteTitle "GM"]
[BlackTitle "GM"]
[WhiteElo "2760"]
[BlackElo "2634"]
[WhiteFideId "14109603"]
[BlackFideId "2040506"]
[EventDate "2018.10.20"]

1. e4 e5 2. Nf3 Nc6 3. Bb5 a6 4. Ba4 Nf6 5. O-O Be7 6. Re1 b5 7. Bb3 O-O 8. a4
b4 9. a5 d6 10. d3 Be6 11. Nbd2 Qc8 12. h3 Rb8 13. Nc4 h6 14. Be3 Rd8 15. Qe2
Bf8 16. Nfd2 g6 17. Ba4 Qb7 18. Qf3 Nh7 19. Qg3 Bg7 20. f4 exf4 21. Bxf4 Nf6 22.
Be3 Nd7 23. Qf2 Nc5 24. Bxc6 Qxc6 25. Bd4 Bxd4 26. Qxd4 b3 27. c3 Nd7 28. Qe3 d5
29. exd5 Bxd5 30. Qxh6 Re8 31. Ne3 Ne5 32. c4 Bxg2 33. Nxg2 Nxd3 34. Re3 Qc5 35.
Kh1 Nf2+ 36. Kh2 Qd6+ 37. Kg1 Rxe3 38. Qxe3 Nxh3+ 39. Kh1 Kg7 40. Re1 Rh8 41.
Qe5+ Qxe5 42. Rxe5 Ng5+ 43. Kg1 Rd8 44. Rd5 Rxd5 45. cxd5 Kf6 46. Nxb3 Ne4 47.
Ne3 Ke5 48. Kg2 f5 49. Nc1 f4 50. Nc2 Kxd5 51. Nb4+ Kc4 52. Nxa6 Kb5 53. Nxc7+
Kxa5 54. Nd3 Nd2 55. Ne6 Kb5 56. Nexf4 Nc4 57. Ne6 Nxb2 58. Nxb2 g5 59. Nd4+ Kc5
60. Nf5 g4 61. Ng3 Kd4 62. Kf2 Kc3 63. Nd1+ Kd3 64. Ke1 Kc4 65. Kd2 Kd4 66. Nc3
Kc4 67. Nce2 Kd5 68. Kc3 Kc5 69. Nf4 Kc6 70. Kc4 Kd6 71. Nd3 Kc6 72. Ne5+ Kd6
73. Kd4 Ke6 74. Nc4 Kf6 75. Ne3 Ke6 76. Nef5 Kd7 77. Kd5 Kc7 78. Nd4 Kd7 79. Ne6
Ke7 80. Nc5 Kf7 81. Kd6 Kf6 82. Nce4+ Kf7 83. Kd7 Kf8 84. Nd6 Kg7 85. Ke6 Kg6
86. Nde4 Kg7 87. Ke7 Kg8 88. Kf6 Kh7 89. Nf5 Kg8 90. Ke7 g3 91. Nf6+ Kh8 92. Kf8 1-0

[Event "Isle of Man Open"]
[Site "Douglas"]
[Date "24.10.2018"]
[Round "5.11"]
[White "Artemiev, Vladislav"]
[Black "Donchenko, Alexander"]
[Result "1/2-1/2"]
[WhiteTitle "GM"]
[BlackTitle "GM"]
[WhiteElo "2706"]
[BlackElo "2610"]
[WhiteFideId "24101605"]
[BlackFideId "24603295"]
[EventDate "2018.10.20"]

1. e4 c5 2. Nf3 d6 3. d4 cxd4 4. Nxd4 Nf6 5. Nc3 a6 6. g3 e5 7. Nde2 Be7 8. Bg2
b5 9. Nd5 Nbd7 10. Nec3 Nb6 11. Nxf6+ Bxf6 12. O-O O-O 13. b3 Qc7 14. Qd2 Bb7
15. Bb2 Rac8 16. Rfc1 h6 17. h4 Bc6 18. Nd5 Nxd5 19. exd5 Bd7 20. c4 Qb6 21.
cxb5 axb5 22. Qb4 Qa6 23. a3 Rxc1+ 24. Rxc1 Bd8 25. Rc6 Bxc6 26. dxc6 Bc7 27.
Qd2 d5 28. Qxd5 Rd8 29. Qf3 Qa7 30. Qe2 Qc5 31. Be4 b4 32. a4 Rd6 33. Kg2 g6 34.
h5 f5 35. Bd3 Qxc6+ 36. Kh2 e4 37. Bc4+ Kh7 38. Bf7 g5 39. Be5 Rd7 40. Bg6+ Kg8
41. Bxc7 Rxc7 42. Bxf5 Re7 43. Qe3 Kg7 44. Qd4+ Qf6 45. Qxb4 e3 46. fxe3 Rxe3
47. Qc5 Re5 48. Qc7+ Re7 49. Qc2 Rf7 50. Be4 Qf2+ 51. Qxf2 Rxf2+ 52. Kh3 Rd2 53.
a5 g4+ 54. Kxg4 Ra2 55. b4 Ra4 56. Kf5 Rxb4 57. a6 Rb5+ 58. Kf4 Ra5 59. Bb7 Kf6
60. g4 1/2-1/2

[Event "Isle of Man Open"]
[Site "Douglas"]
[Date "24.10.2018"]
[Round "5.12"]
[White "Svane, Rasmus"]
[Black "Gelfand, Boris"]
[Result "1-0"]
[WhiteTitle "GM"]
[BlackTitle "GM"]
[WhiteElo "2595"]
[BlackElo "2701"]
[WhiteFideId "4657101"]
[BlackFideId "2805677"]
[EventDate "2018.10.20"]

1. d4 Nf6 2. c4 e6 3. g3 c5 4. Nf3 cxd4 5. Nxd4 Qc7 6. Nc3 a6 7. Bg2 Qxc4 8. O-O
Nc6 9. Nb3 d5 10. Bf4 Be7 11. Rc1 Qb4 12. a3 Qb6 13. e4 dxe4 14. Be3 Qc7 15. Nc5
O-O 16. N5xe4 Bd7 17. Nxf6+ Bxf6 18. Na4 Be7 19. b4 Rae8 20. Bb6 Qd6 21. Qxd6
Bxd6 22. Rfd1 Ne7 23. Nc3 Nd5 24. Bxd5 exd5 25. Rxd5 Re6 26. Rcd1 Bb8 27. Rxd7
Rxb6 28. Nd5 Re6 29. Ne7+ Kh8 30. Rd8 Re1+ 31. Kg2 1-0

[Event "Isle of Man Open"]
[Site "Douglas"]
[Date "24.10.2018"]
[Round "5.13"]
[White "Howell, David W L"]
[Black "Jumabayev, Rinat"]
[Result "0-1"]
[WhiteTitle "GM"]
[BlackTitle "GM"]
[WhiteElo "2689"]
[BlackElo "2605"]
[WhiteFideId "410608"]
[BlackFideId "13702661"]
[EventDate "2018.10.20"]

1. d4 Nf6 2. c4 e6 3. Nc3 Bb4 4. Qc2 O-O 5. a3 Bxc3+ 6. Qxc3 d5 7. Nf3 dxc4 8.
Qxc4 b6 9. Bg5 Ba6 10. Qa4 Qd7 11. Qxd7 Nbxd7 12. Rc1 c5 13. Bxf6 gxf6 14. e3
Bb7 15. Bb5 Rfd8 16. Ke2 Bxf3+ 17. Kxf3 cxd4 18. exd4 Nf8 19. Rhd1 Ng6 20. Rc7
Rd6 21. Ba6 Kg7 22. g4 b5 23. Bc8 a6 24. Ke4 Kf8 25. Bb7 Rad8 26. Rc6 Rxc6 27.
Bxc6 Ne7 28. Bb7 Rb8 29. Bxa6 Rb6 30. Bxb5 Rxb5 31. b4 f5+ 32. Kf3 fxg4+ 33.
Kxg4 Rf5 34. Rb1 Nd5 35. Kg3 Ke7 36. Rc1 Kd7 37. Rc5 Rg5+ 38. Kf3 Rg1 39. Ra5
Ke7 40. Ke4 Rg2 41. Ra7+ Kf6 42. h4 Rxf2 43. Kd3 Rh2 44. b5 Rxh4 45. a4 Rh3+ 46.
Kc2 Rc3+ 47. Kb2 Rc8 48. a5 Rb8 49. b6 h5 50. Rd7 Nxb6 51. axb6 Rxb6+ 52. Kc3
Rb5 53. Rd8 Ra5 54. Rb8 Ra3+ 55. Kd2 h4 56. Ke2 h3 57. Kf2 Rd3 58. Rb4 Rd2+ 59.
Kg1 Kf5 60. Rb5+ Ke4 61. Rb7 f5 62. Re7 Kd5 63. Rd7+ Kc6 64. Rd8 Kc7 65. Re8 Kd7 0-1

[Event "Isle of Man Open"]
[Site "Douglas"]
[Date "24.10.2018"]
[Round "5.14"]
[White "Antipov, Mikhail Al."]
[Black "Jones, Gawain C B"]
[Result "1/2-1/2"]
[WhiteTitle "GM"]
[BlackTitle "GM"]
[WhiteElo "2593"]
[BlackElo "2677"]
[WhiteFideId "4107012"]
[BlackFideId "409561"]
[EventDate "2018.10.20"]

1. e4 e5 2. Nf3 Nc6 3. Bb5 a6 4. Ba4 Nf6 5. O-O b5 6. Bb3 Bc5 7. a4 Rb8 8. axb5
axb5 9. Bd5 O-O 10. Bxc6 dxc6 11. d3 Re8 12. b3 Bd6 13. h3 c5 14. Be3 Nh5 15.
Nc3 Nf4 16. Ra7 Ne6 17. Ne2 Nd4 18. Nfxd4 cxd4 19. Bd2 Bd7 20. f4 Ra8 21. Rxa8
Qxa8 22. fxe5 Bxe5 23. Bf4 Bxf4 24. Nxf4 Qc6 25. Qa1 Qc5 26. Qb2 Qe5 27. b4 Rd8
28. Qa2 c6 29. Qa5 Qb8 30. Ra1 f5 31. e5 Re8 32. Qa7 Qxa7 33. Rxa7 Be6 34. Kf2
Bd5 35. Nxd5 cxd5 36. Rb7 Rc8 37. Kf3 Rxc2 38. e6 Kf8 39. Rf7+ Ke8 40. Rxg7 Rc6
41. Rxh7 Rxe6 42. Kf4 Re3 43. Kxf5 Rxd3 44. Ke6 Re3+ 45. Kxd5 d3 46. Rh4 Re7 47.
Kc6 Re6+ 48. Kxb5 Kd7 49. Rh7+ Re7 50. Rh4 Re6 51. Rh7+ Kd8 52. Rh8+ Kc7 53.
Rh7+ Kd6 54. Rh8 Ke7 55. Rh7+ Kd8 56. Rh8+ Re8 57. Rh4 Re7 58. Kc6 Rc7+ 59. Kb6
Rd7 60. Kc6 Kc8 61. Rh8+ Rd8 62. Rh5 d2 63. Ra5 Rd6+ 64. Kxd6 d1=Q+ 65. Rd5 Qg1
66. Rc5+ Kb7 67. g4 Qg3+ 68. Ke7 Qxh3 69. g5 Qh4 70. Rb5+ Kc6 71. Rc5+ Kb6 72.
Rf5 Qxb4+ 73. Kf7 Qe4 74. Kf6 Qd4+ 75. Kf7 Qc4+ 76. Kg7 Kc6 77. g6 Kd6 78. Rf6+
Ke5 79. Rf7 Qd4 80. Kh7 Ke6 81. Kg8 Qd8+ 82. Kh7 Qg5 83. Kg7 Qh4 84. Rf8 Qd4+
85. Kg8 Qd7 86. Rf7 Qd3 87. Kh7 Qd2 88. Kg7 Qc3+ 89. Kh7 Qc2 90. Kg7 Qh2 91.
Rf6+ Ke5 92. Rf8 Ke4 93. Rf7 Qh4 94. Rf8 Kd5 95. Rf5+ Kd6 96. Rf6+ Ke5 97. Rf7
Ke6 98. Rf8 Qd4+ 99. Kg8 Qa7 100. Rf7 Qc5 101. Kg7 Qa3 102. Kh7 Qa1 103. Kg8
Qa8+ 104. Kg7 Qh1 105. Rf6+ Ke5 106. Rf8 Qh5 107. Rf7 Qh4 108. Rf8 Ke6 109. Rf7
Qb4 110. Kg8 Qg4 111. Kh7 Qg5 112. Kg7 Qh4 113. Rf8 Ke7 1/2-1/2

[Event "Isle of Man Open"]
[Site "Douglas"]
[Date "24.10.2018"]
[Round "5.15"]
[White "Sethuraman, S.P."]
[Black "Wagner, Dennis"]
[Result "1/2-1/2"]
[WhiteTitle "GM"]
[BlackTitle "GM"]
[WhiteElo "2673"]
[BlackElo "2572"]
[WhiteFideId "5021596"]
[BlackFideId "24650684"]
[EventDate "2018.10.20"]

1. e4 e5 2. Nf3 Nc6 3. Bc4 Bc5 4. d3 Nf6 5. O-O d6 6. c3 a6 7. a4 O-O 8. Re1 Ba7
9. h3 Ne7 10. Nbd2 Ng6 11. d4 c6 12. Bf1 Re8 13. dxe5 Nxe5 14. Nxe5 dxe5 15. a5
g5 16. Be2 Be6 17. Ra4 h6 18. Nf1 b5 19. axb6 Qxb6 20. Be3 Qxb2 21. Qa1 Qxa1 22.
Rexa1 Bxe3 23. Nxe3 Reb8 24. Bf3 h5 25. Ra5 Rb5 26. c4 Rxa5 27. Rxa5 Kf8 28.
Rxe5 g4 29. hxg4 hxg4 30. Bd1 Rb8 31. Ra5 Rb1 32. Kh2 Nxe4 33. Bxg4 Nxf2 34.
Bxe6 fxe6 35. Kg3 Nd3 36. Rxa6 Re1 37. Kf3 Ne5+ 38. Kf4 Nd3+ 39. Kf3 Ne5+ 1/2-1/2

[Event "Isle of Man Open"]
[Site "Douglas"]
[Date "24.10.2018"]
[Round "5.16"]
[White "Nihal, Sarin"]
[Black "Adhiban, Baskaran"]
[Result "1/2-1/2"]
[WhiteTitle "IM"]
[BlackTitle "GM"]
[WhiteElo "2572"]
[BlackElo "2668"]
[WhiteFideId "25092340"]
[BlackFideId "5018471"]
[EventDate "2018.10.20"]

1. d4 d6 2. e4 g6 3. Nf3 Bg7 4. Bc4 e6 5. O-O Ne7 6. Re1 a6 7. c3 O-O 8. Be3 Nd7
9. Nbd2 h6 10. Nf1 d5 11. exd5 Nb6 12. Bd3 Nbxd5 13. Bd2 Nf5 14. Ng3 b6 15. Qe2
Bb7 16. Rad1 Kh7 17. Be4 Qc8 18. c4 Nf6 19. Bxb7 Qxb7 20. Bc3 b5 21. b3 Rfe8 22.
Qc2 Ne7 23. Ne5 Kg8 24. Rc1 h5 25. h3 h4 26. Ne4 Nxe4 27. Rxe4 Nf5 28. Nf3 bxc4
29. bxc4 c5 30. Rce1 Reb8 31. dxc5 Bxc3 32. Qxc3 Qb2 33. Qa5 Qb4 34. Qxb4 Rxb4
35. Nxh4 Nxh4 36. Rxh4 Rc8 37. Re2 Rxc5 38. Rc2 Ra4 39. g3 Kf8 40. Rh8+ Kg7 41.
Ra8 Rca5 42. c5 Rxa2 43. Rxa2 Rxa2 44. c6 Rc2 45. Rxa6 e5 46. h4 f5 47. Kf1 Kh6
48. Ke1 e4 49. Kd1 Rc4 50. Ke2 Kh5 51. Ke3 Kg4 52. c7 Rc3+ 53. Ke2 Rc2+ 54. Ke3
Rc3+ 1/2-1/2

[Event "Isle of Man Open"]
[Site "Douglas"]
[Date "24.10.2018"]
[Round "5.17"]
[White "Lomasov, Semyon"]
[Black "Le, Quang Liem"]
[Result "1/2-1/2"]
[WhiteTitle "IM"]
[BlackTitle "GM"]
[WhiteElo "2540"]
[BlackElo "2715"]
[WhiteFideId "24164879"]
[BlackFideId "12401137"]
[EventDate "2018.10.20"]

1. e4 c6 2. d4 d5 3. e5 Bf5 4. h4 h5 5. Bd3 Bxd3 6. Qxd3 e6 7. Bg5 Be7 8. Nf3
Nh6 9. c3 Nf5 10. Nbd2 Nd7 11. Nf1 c5 12. Ng3 g6 13. Nxf5 gxf5 14. O-O Rc8 15.
g3 Rc6 16. Rfd1 Nb6 17. Qe2 a6 18. a4 c4 19. Bxe7 Kxe7 20. a5 Nc8 21. Ng5 Na7
22. Nh3 Qg8 23. Kg2 Kd7 24. Qe3 Qh7 25. Ra4 Kc8 26. Nf4 Kb8 27. Qf3 Nb5 28. Rb1
Ka7 29. Rb4 Rc7 30. b3 cxb3 31. R1xb3 Qg8 32. Nxh5 Qc8 33. Nf6 Nxc3 34. Qe3 Nb5
35. h5 Rc4 36. Rb1 Ka8 37. R4b3 Qd8 38. Rd3 Qxa5 39. h6 Nc3 40. Rh1 Ne4 41. h7
Rc2 42. Nxe4 dxe4 43. Rdd1 Qa2 44. Rdf1 Rd2 45. Qg5 Rc2 46. Qg7 Rcc8 47. Rc1
Rcd8 48. Rc3 Qd5 49. Re3 Qxd4 50. Qxf7 Qxe5 51. Rc1 Qb2 52. Qc7 Rd2 53. Qc8+ Ka7
54. Qc5+ Kb8 55. Qc7+ Ka8 56. Qc8+ Ka7 1/2-1/2

[Event "Isle of Man Open"]
[Site "Douglas"]
[Date "24.10.2018"]
[Round "5.19"]
[White "Almasi, Zoltan"]
[Black "Vishnu Prasanna, V"]
[Result "1-0"]
[WhiteTitle "GM"]
[BlackTitle "GM"]
[WhiteElo "2702"]
[BlackElo "2504"]
[WhiteFideId "702293"]
[BlackFideId "5030692"]
[EventDate "2018.10.20"]

1. Nf3 d5 2. g3 g6 3. c4 dxc4 4. Na3 Bg7 5. Nxc4 Nf6 6. Bg2 O-O 7. O-O Be6 8. b3
c5 9. Ba3 Nbd7 10. Rc1 Rc8 11. d4 Bd5 12. Qd2 Ne4 13. Qd3 cxd4 14. Nxd4 Ndc5 15.
Qe3 Nxf2 16. Rxf2 Bxg2 17. Nc2 Ne6 18. Kxg2 b5 19. Ne5 Qd5+ 20. Nf3 a5 21. Bxe7
Rfe8 22. Ba3 b4 23. Nxb4 axb4 24. Rxc8 Rxc8 25. Bxb4 Qb7 26. Qd2 Nd4 27. Bd6 Rc2
28. Qb4 Qxb4 29. Bxb4 Rxa2 30. Nxd4 Bxd4 31. e3 Rxf2+ 32. Kxf2 Bb6 33. Kf3 f5
34. e4 Kf7 35. exf5 gxf5 36. Bd2 Ke6 37. b4 Kd5 38. Kf4 Bg1 39. h3 Bf2 40. Be3
Be1 41. b5 Kd6 42. Kxf5 Bxg3 43. Bf4+ Bxf4 44. Kxf4 Kc5 45. Kg5 Kxb5 46. Kh6 Kc6
47. Kxh7 Kd7 48. h4 1-0

[Event "Isle of Man Open"]
[Site "Douglas"]
[Date "24.10.2018"]
[Round "5.20"]
[White "Praggnanandhaa, R"]
[Black "Meier, Georg"]
[Result "1/2-1/2"]
[WhiteTitle "GM"]
[BlackTitle "GM"]
[WhiteElo "2519"]
[BlackElo "2639"]
[WhiteFideId "25059530"]
[BlackFideId "4675789"]
[EventDate "2018.10.20"]

1. e4 e6 2. d4 d5 3. Nc3 Nf6 4. Bg5 dxe4 5. Nxe4 Nbd7 6. Nf3 Be7 7. Nxf6+ Bxf6
8. h4 c5 9. Qd2 cxd4 10. Nxd4 O-O 11. O-O-O h6 12. Bxf6 Nxf6 13. Bc4 Bd7 14. Bb3
a5 15. a3 a4 16. Ba2 Qa5 17. Rhe1 Qxd2+ 18. Rxd2 Ra5 19. f3 Rc8 20. Re3 Kf8 21.
Ne2 Ke7 22. Rd4 Rac5 23. Rc3 b5 24. Kd2 g5 25. Rxc5 Rxc5 26. Rb4 Nd5 27. Bxd5
Rxd5+ 28. Ke3 Rd1 29. hxg5 hxg5 30. Nd4 Rc1 31. g4 Re1+ 32. Kd2 Re5 33. b3 axb3
34. cxb3 f5 35. gxf5 exf5 36. a4 bxa4 37. bxa4 f4 38. Ne2 Bc6 39. Nd4 Bd7 40.
Ne2 Re3 41. Nxf4 gxf4 42. Rxf4 Ra3 43. Ke2 Bxa4 44. Re4+ Kf6 45. Kf2 Bc6 46. Re3
Ra8 47. Kg3 Kf5 48. Rd3 Ke5 49. Rc3 Bd5 50. Rd3 Bc4 51. Re3+ Kd4 52. Re4+ Kd3
53. Re5 Kd2 54. Re4 Bd3 55. Re5 Ra1 56. Kg2 Be2 57. Rd5+ Ke1 58. Rd7 Ra8 59. Rg7
Rf8 60. Rg3 Rf5 61. f4 Rxf4 62. Re3 Rg4+ 63. Rg3 Re4 64. Ra3 Kd2 65. Kg3 Rg4+
66. Kf2 Rf4+ 67. Kg3 Rf5 68. Ra7 Bf3 69. Ra2+ Ke3 70. Ra3+ Ke4 71. Kf2 Bd1+ 72.
Ke1 Rd5 73. Ra2 Bf3 74. Rd2 Rh5 75. Rb2 Rd5 76. Rd2 Rc5 77. Rb2 Rc3 78. Kf2 Kf4
79. Rd2 Re3 80. Rd4+ Be4 81. Rd2 Bd3 82. Rb2 Rf3+ 83. Ke1 Ke4 84. Rf2 Re3+ 85.
Kd2 Kd4 86. Rf4+ Be4 87. Rf2 Rb3 88. Ke2 Ra3 89. Kd2 Bf3 90. Ke1 Ke3 91. Re2+
Kf4 92. Rb2 Kg3 93. Kd2 Be4 94. Ke2 Bf3+ 95. Kd2 Kf4 96. Ke1 Be4 97. Rf2+ Kg3
98. Rb2 Bd3 99. Kd2 Kf3 100. Ke1 Be2 101. Rb8 Bd3 102. Rb2 Kg3 103. Kd2 Kf2 104.
Rb4 Kf3 105. Rb2 Bc4 106. Rb4 Bd5 107. Rh4 Be6 108. Rd4 Bf5 109. Rd5 Rd3+ 110.
Rxd3+ Bxd3 1/2-1/2

[Event "Isle of Man Open"]
[Site "Douglas"]
[Date "24.10.2018"]
[Round "5.21"]
[White "Sutovsky, Emil"]
[Black "Kobo, Ori"]
[Result "1/2-1/2"]
[WhiteTitle "GM"]
[BlackTitle "GM"]
[WhiteElo "2633"]
[BlackElo "2505"]
[WhiteFideId "2802007"]
[BlackFideId "2812320"]
[EventDate "2018.10.20"]

1. e4 c6 2. d4 d5 3. e5 c5 4. Nf3 Nc6 5. dxc5 e6 6. Bd3 Bxc5 7. a3 Nge7 8. b4
Bb6 9. Bb2 Ng6 10. O-O O-O 11. g3 f6 12. exf6 gxf6 13. c4 dxc4 14. Bxc4 Qxd1 15.
Rxd1 Kg7 16. Nc3 e5 17. Kg2 Bg4 18. Ne4 Rfd8 19. Be2 Be6 20. Nd6 Rab8 21. Rac1
Nge7 22. Bc4 Bg4 23. Be2 Be6 24. Bc4 Bg4 25. Be2 Be6 1/2-1/2

[Event "Isle of Man Open"]
[Site "Douglas"]
[Date "24.10.2018"]
[Round "5.22"]
[White "Swapnil, S. Dhopade"]
[Black "Tari, Aryan"]
[Result "1-0"]
[WhiteTitle "GM"]
[BlackTitle "GM"]
[WhiteElo "2493"]
[BlackElo "2618"]
[WhiteFideId "5019184"]
[BlackFideId "1510045"]
[EventDate "2018.10.20"]

1. d4 Nf6 2. c4 e6 3. Nf3 d5 4. Nc3 Bb4 5. Qa4+ Nc6 6. a3 Bxc3+ 7. bxc3 Bd7 8.
cxd5 exd5 9. Bg5 h6 10. Bh4 O-O 11. e3 a6 12. Nd2 Re8 13. Be2 b6 14. O-O b5 15.
Qc2 Na5 16. Rae1 c5 17. dxc5 Rc8 18. Qd3 Rxc5 19. Qd4 Rc6 20. a4 bxa4 21. Qxa4
Rxc3 22. Qb4 Rc2 23. Bxf6 gxf6 24. Rd1 Nc6 25. Qb3 Bf5 26. Bxa6 Qa5 27. Qb5 Bg4
28. Qxa5 Nxa5 29. Nf3 Nc4 30. Rc1 Rxc1 31. Rxc1 Bxf3 32. gxf3 Nd2 33. Kg2 d4 34.
exd4 Rd8 35. Rc8 Rxc8 36. Bxc8 Kf8 37. Kg3 Nb3 38. d5 Ke7 39. Kg4 Nd4 40. f4 f5+
41. Bxf5 h5+ 42. Kg5 Nf3+ 43. Kxh5 Nxh2 44. Bd3 Nf3 45. Kh6 Kf6 46. Kh7 Ng1 47.
Kg8 Nh3 48. d6 Nxf4 49. Bc4 Ng6 50. Bd5 Nf4 51. Kf8 1-0

[Event "Isle of Man Open"]
[Site "Douglas"]
[Date "24.10.2018"]
[Round "5.23"]
[White "Fridman, Daniel"]
[Black "Keymer, Vincent"]
[Result "1-0"]
[WhiteTitle "GM"]
[BlackTitle "IM"]
[WhiteElo "2600"]
[BlackElo "2491"]
[WhiteFideId "11600454"]
[BlackFideId "12940690"]
[EventDate "2018.10.20"]

1. c4 e6 2. g3 d5 3. Bg2 Nf6 4. Nf3 dxc4 5. Qa4+ c6 6. Qxc4 b5 7. Qb3 Bb7 8. O-O
Be7 9. d4 O-O 10. Rd1 Nbd7 11. Ne5 Nxe5 12. dxe5 Nd7 13. Nc3 Qc7 14. Bf4 Rfd8
15. Qc2 a6 16. Ne4 c5 17. Nf6+ Bxf6 18. exf6 Qc8 19. Bxb7 Qxb7 20. fxg7 c4 21.
Qc3 Nb6 22. Bg5 Rd5 23. Bh6 Rad8 24. Rxd5 Nxd5 25. Rd1 Qc7 26. Qa3 Ne7 27. Rxd8+
Qxd8 28. e4 Qd1+ 29. Kg2 Qd7 30. h4 f6 31. Qxa6 Qc6 32. Qa7 Qe8 33. Qb6 Kf7 34.
Qb7 Qc8 1-0

[Event "Isle of Man Open"]
[Site "Douglas"]
[Date "24.10.2018"]
[Round "5.24"]
[White "Vaibhav, Suri"]
[Black "Krishna, C R G"]
[Result "1/2-1/2"]
[WhiteTitle "GM"]
[BlackTitle "IM"]
[WhiteElo "2597"]
[BlackElo "2445"]
[WhiteFideId "5045185"]
[BlackFideId "5018625"]
[EventDate "2018.10.20"]

1. d4 d5 2. c4 c6 3. Nf3 Nf6 4. Nc3 a6 5. cxd5 cxd5 6. Bf4 Nc6 7. Ne5 e6 8. g3
Bb4 9. Bg2 O-O 10. Nxc6 bxc6 11. a3 Bd6 12. Bxd6 Qxd6 13. Rc1 e5 14. dxe5 Qxe5
15. O-O Bg4 16. h3 Bd7 17. e3 h5 18. Re1 Bf5 19. Na4 Qe6 20. Nc5 Qc8 21. Kh2 Qb8
22. Qd4 Re8 23. Re2 a5 24. Rd2 Re7 25. Qa4 Raa7 26. Kg1 Qc8 27. h4 Qe8 28. Qf4
Re5 29. Nd3 Bxd3 30. Rxd3 Rb7 31. Rc2 Ne4 32. Rd4 g6 33. Bxe4 Rxe4 34. Rxe4 Qxe4
35. Qxe4 dxe4 36. Kf1 Kf8 37. Ke1 Ke7 38. Kd1 Kd6 39. Rd2+ Kc5 40. Kc2 Re7 41.
Rd4 Re5 42. Kc3 Rf5 43. b4+ 1/2-1/2

[Event "Isle of Man Open"]
[Site "Douglas"]
[Date "24.10.2018"]
[Round "5.25"]
[White "Gormally, Daniel W"]
[Black "Deac, Bogdan-Daniel"]
[Result "0-1"]
[WhiteTitle "GM"]
[BlackTitle "GM"]
[WhiteElo "2482"]
[BlackElo "2594"]
[WhiteFideId "406465"]
[BlackFideId "1226380"]
[EventDate "2018.10.20"]

1. e4 c5 2. Nf3 Nc6 3. Bb5 g6 4. O-O Bg7 5. d3 Nf6 6. Bxc6 bxc6 7. e5 Nd5 8. Re1
O-O 9. b3 f6 10. Bb2 fxe5 11. Bxe5 Bh6 12. d4 d6 13. Bg3 Bg7 14. c3 Bg4 15. Qd3
Bxf3 16. gxf3 cxd4 17. cxd4 Qb6 18. Re4 Qb5 19. Qd1 c5 20. dxc5 Qc6 21. cxd6
Bxa1 22. Rc4 Qb7 23. dxe7 Nxe7 24. Rc7 Qd5 25. Nd2 Bf6 0-1